000 00981nam a22002537a 4500
003 OSt
005 20260213165557.0
008 260213b ||||| |||| 00| 0 spa d
020 _a9786287745704
040 _cCO-Mq BPB
041 _aspa
082 _aAN
_bKINd
100 _aKing, Stephen
_d1947-
_eautor
245 _aDespués
264 _aBogotá;
_bPenguin Random House,
_c2025
300 _a245 páginas;
_bTapa rustica,
_c19 cm
521 _aUn niño que posee una habilidad sobrenatural: puede ver y hablar con los muertos. Aunque su madre le pide mantener este don en secreto, su vida cambia cuando una inspectora de policía lo obliga a usar su capacidad para detener a un asesino que amenaza con seguir causando daño incluso después de morir.
650 _aTerror
650 _aSuspenso
650 _aThriller sobrenatural
700 _aHernández Sendin, José Óscar
_etraductor
700 _aSánchez Díez, Ana Isabel
_etraductora
942 _2ddc
_cBKLIT
999 _c16101
_d16101